000 00229nam a2200097Ia 4500
008 240521s1999 xx 000 0 und d
041 _aeng
100 _aPROJ. BY DISHA PB.
245 _aPUNES LIVING ROOMS VOL-1
260 _c1999
999 _c1159112
_d1159112